|
|
|
|
| LEADER |
00000nab a2200000 a 4500 |
| 001 |
vtls008412711 |
| 003 |
SK-MaSNL |
| 005 |
20260304135353.0 |
| 008 |
250505c2005 xo mr|p|||||||000 b|slo |
| 015 |
|
|
|a SNBRB2005/11
|2 snkbucl
|
| 035 |
|
|
|a (uuid)b7da5650-5bb7-4632-95e5-d5125ea9b961
|
| 035 |
|
|
|a urn:nbn:sk:snk-abesf9
|
| 035 |
|
|
|a (urnnbn)urn:nbn:sk:snk:ar-006ziz
|
| 038 |
|
|
|a SNKBUCL
|
| 040 |
|
|
|a SNKBUCL
|b slo
|c SNKBUCL
|e AACR2
|
| 041 |
0 |
|
|a slo
|
| 044 |
|
|
|a xo
|c SK
|
| 080 |
|
|
|a 639.2:061.25
|x (437.6)
|2 1997
|
| 100 |
1 |
|
|a Géci, Stanislav
|4 aut
|9 541661
|
| 245 |
1 |
0 |
|a Osemdesiatnička z údolia Hnilca
|c Stanislav Géci
|
| 300 |
|
|
|b Fotogr.
|
| 610 |
2 |
7 |
|a Slovenský rybársky zväz (Švedlár, Slovensko)
|2 snkbucl
|
| 651 |
|
7 |
|a Švedlár (Slovensko)
|2 snkbucl
|9 58957
|
| 651 |
|
7 |
|a Gelnica (Slovensko : okres)
|2 snkbucl
|9 168677
|
| 773 |
0 |
|
|t Poľovníctvo a rybárstvo
|g Roč. 57, č. 8 (2005), s. 60
|x 0231-8768
|
| 850 |
|
|
|a Slovenská národná knižnica
|
| 852 |
|
|
|a Slovenská národná knižnica
|
| 958 |
|
|
|a article27
|
| 958 |
|
|
|a OND
|
| 999 |
|
|
|c 2910521
|d 2912451
|